| 000 | 04996 a2200625 4500 | ||
|---|---|---|---|
| 003 | Nust | ||
| 005 | 20170207164715.0 | ||
| 035 | _a(CaPaEBR)ebr10233891 | ||
| 035 | _a(EBZ)ebs575515e | ||
| 035 | _a(EBZ)ebs575515e | ||
| 035 | _a(EBZ)ebs575515e | ||
| 035 | _a(EBZ)ebs575515e | ||
| 035 | _a(WaSeSS)ssj0000236742 | ||
| 035 | _a(WaSeSS)ssj0000236742 | ||
| 035 | _a(WaSeSS)ssj0000236742 | ||
| 035 | _a(WaSeSS)ssj0000236742 | ||
| 035 | _a(WaSeSS)ssj0000236742 | ||
| 035 | _a(WaSeSS)ssj0000236742 | ||
| 035 | _a(WaSeSS)ssj0000236742 | ||
| 035 | _a(WaSeSS)ssj0000236742 | ||
| 040 | _cNust | ||
| 082 | 0 | 4 | _a174/.4 |
| 100 | 1 | _aArbogast, Stephen V., | |
| 245 | 1 | 0 |
_aResisting corporate corruption (E BOOK) _h[Elektronisk resurs] _blessons in practical ethics from the Enron wreckage / _cSteven V. Arbogast. |
| 260 |
_aSalem, MA : _bM & M Scrivener Press, _cc2008. |
||
| 300 |
_axv, 264 p. : _bill. ; _c24 cm. |
||
| 440 | 0 | _aConflicts and trends in business ethics | |
| 500 | _aE BOOK | ||
| 610 | 2 | 0 |
_aEnron Corp. _xCorrupt practices |
| 650 | 0 | _aBusiness ethics. | |
| 650 | 0 |
_aIndustrial management _xMoral and ethical aspects. |
|
| 655 | 7 | _aElectronic books. | |
| 710 | 2 | _aebrary, Inc. | |
| 856 | 4 | 0 | _uhttp://costello.pub.hb.se/login?url=http://site.ebrary.com/lib/boras/Top?id=10233891 |
| 856 | 4 | 0 | _uhttp://db.ub.oru.se/login?url=http://site.ebrary.com/lib/universitetsbiblioteket/Top?id=10233891 |
| 856 | 4 | 0 | _uhttp://ezproxy.bib.hh.se/login?url=http://site.ebrary.com/lib/halmstad/Top?id=10233891 |
| 856 | 4 | 0 | _uhttp://ezproxy.its.uu.se/login?url=http://site.ebrary.com/lib/uppsala/Top?id=10233891 |
| 856 | 4 | 0 | _uhttp://link.libris.kb.se/sfxhv?url_ver=Z39.88-2004&ctx_ver=Z39.88-2004&ctx_enc=info:ofi/enc:UTF-8&rfr_id=info:sid/sfxit.com:opac_856&url_ctx_fmt=info:ofi/fmt:kev:mtx:ctx&sfx.ignore_date_threshold=1&rft.object_id=1000000000712808&svc_val_fmt=info:ofi/fmt:kev:mtx:sch_svc& |
| 856 | 4 | 0 | _uhttp://link.libris.kb.se/sfxprv?url_ver=Z39.88-2004&ctx_ver=Z39.88-2004&ctx_enc=info:ofi/enc:UTF-8&rfr_id=info:sid/sfxit.com:opac_856&url_ctx_fmt=info:ofi/fmt:kev:mtx:ctx&sfx.ignore_date_threshold=1&rft.object_id=1000000000712808&svc_val_fmt=info:ofi/fmt:kev:mtx:sch_svc& |
| 856 | 4 | 0 | _uhttp://link.libris.kb.se/sfxrb?url_ver=Z39.88-2004&ctx_ver=Z39.88-2004&ctx_enc=info:ofi/enc:UTF-8&rfr_id=info:sid/sfxit.com:opac_856&url_ctx_fmt=info:ofi/fmt:kev:mtx:ctx&sfx.ignore_date_threshold=1&rft.object_id=1000000000712808&svc_val_fmt=info:ofi/fmt:kev:mtx:sch_svc& |
| 856 | 4 | 0 | _uhttp://link.sub.su.se/sfxsub?url_ver=Z39.88-2004&ctx_ver=Z39.88-2004&ctx_enc=info:ofi/enc:UTF-8&rfr_id=info:sid/sfxit.com:opac_856&url_ctx_fmt=info:ofi/fmt:kev:mtx:ctx&sfx.ignore_date_threshold=1&rft.object_id=1000000000712808&svc_val_fmt=info:ofi/fmt:kev:mtx:sch_svc& |
| 856 | 4 | 0 | _uhttp://miman.bib.bth.se/login?url=http://site.ebrary.com/lib/bthbib/Top?id=10233891 |
| 856 | 4 | 0 | _uhttp://proxy.lib.chalmers.se/login?url=http://site.ebrary.com/lib/chalmers/Top?id=10233891 |
| 856 | 4 | 0 | _uhttp://proxy.lib.ltu.se/login?url=http://site.ebrary.com/lib/lulea/Top?channelName=lulea&cpage=1&docID=10233891 |
| 856 | 4 | 0 | _uhttp://sfxeu10.hosted.exlibrisgroup.com/sfxkth?url_ver=Z39.88-2004&ctx_ver=Z39.88-2004&ctx_enc=info:ofi/enc:UTF-8&rfr_id=info:sid/sfxit.com:opac_856&url_ctx_fmt=info:ofi/fmt:kev:mtx:ctx&sfx.ignore_date_threshold=1&rft.object_id=1000000000712808&svc_val_fmt=info:ofi/fmt:kev:mtx:sch_svc& |
| 856 | 4 | 0 | _uhttp://sfxeu11.hosted.exlibrisgroup.com/mah?url_ver=Z39.88-2004&ctx_ver=Z39.88-2004&ctx_enc=info:ofi/enc:UTF-8&rfr_id=info:sid/sfxit.com:opac_856&url_ctx_fmt=info:ofi/fmt:kev:mtx:ctx&sfx.ignore_date_threshold=1&rft.object_id=1000000000712808&svc_val_fmt=info:ofi/fmt:kev:mtx:sch_svc& |
| 856 | 4 | 0 | _uhttp://sfxeu11.hosted.exlibrisgroup.com/sfxslub?url_ver=Z39.88-2004&ctx_ver=Z39.88-2004&ctx_enc=info:ofi/enc:UTF-8&rfr_id=info:sid/sfxit.com:opac_856&url_ctx_fmt=info:ofi/fmt:kev:mtx:ctx&sfx.ignore_date_threshold=1&rft.object_id=1000000000712808&svc_val_fmt=info:ofi/fmt:kev:mtx:sch_svc& |
| 856 | 4 | 0 | _uhttp://sfxeu11.hosted.exlibrisgroup.com/sfxumub?url_ver=Z39.88-2004&ctx_ver=Z39.88-2004&ctx_enc=info:ofi/enc:UTF-8&rfr_id=info:sid/sfxit.com:opac_856&url_ctx_fmt=info:ofi/fmt:kev:mtx:ctx&sfx.ignore_date_threshold=1&rft.object_id=1000000000712808&svc_val_fmt=info:ofi/fmt:kev:mtx:sch_svc& |
| 856 | 4 | 0 | _uhttp://site.ebrary.com/lib/hhss/Top?channelName=hhss&cpage=1&docID=10233891 |
| 856 | 4 | 0 | _uhttp://www.du.se/proxy.aspx?url=http://site.ebrary.com/lib/dalarna/Top?id=10233891 |
| 856 | 4 | 0 | _uhttps://ezproxy.bibl.hkr.se/login?url=http://site.ebrary.com/lib/kristianstad/Top?id=10233891 |
| 856 | 4 | 0 | _uhttps://libraryproxy.his.se/login?url=http://site.ebrary.com/lib/hiskovde/Doc?id=10233891 |
| 856 | 4 | 0 | _uhttps://login.bibproxy.kau.se:8443/login?url=http://site.ebrary.com/lib/kaubib/Top?channelName=kaubib&cpage=1&docID=10233891 |
| 856 | 4 | 0 | _uhttps://lt.ltag.bibl.liu.se/login?url=http://site.ebrary.com/lib/linkoping/Top?channelName=linkoping&cpage=1&docID=10233891 |
| 942 |
_2ddc _cBK |
||
| 999 |
_c209745 _d209745 |
||